Loading...
| Science - Physics | 0 | 3 | 0 | 0 | 30 | 75 | 82.67 | 0 | 2 | 0.00 | 0.00 |
| 1 | 1 | 0 | 0 | 25 | 46 | 73.50 | 1 | 2 | 0.00 | 0.00 | |
| Other Arts: Visual | 0 | 2 | 0 | 0 | 20 | 101 | 106.50 | 1 | 2 | 0.00 | 0.00 |
| History - European | 0 | 2 | 0 | 1 | 20 | 101 | 124.00 | 0 | 0 | 0.00 | 0.00 |
| Beliefs | 1 | 0 | 0 | 0 | 15 | 52 | 52.00 | 0 | 1 | 0.00 | 0.00 |
| History - American | 0 | 2 | 1 | 0 | 15 | 113 | 123.00 | 0 | 1 | 0.00 | 0.00 |
| Social Science | 0 | 1 | 0 | 1 | 10 | 110 | 110.00 | 0 | 0 | 0.00 | 0.00 |
| World and Other Literature | 0 | 1 | 0 | 0 | 10 | 118 | 118.00 | 1 | 1 | 0.00 | 0.00 |
| Science - Chemistry | 0 | 1 | 0 | 1 | 10 | 135 | 135.00 | 0 | 0 | 0.00 | 0.00 |
| History - World | 0 | 1 | 1 | 1 | 5 | 125 | 125.00 | 0 | 1 | 0.00 | 0.00 |
| Geography | 0 | 1 | 1 | 1 | 5 | 126 | 126.00 | 0 | 0 | 0.00 | 0.00 |
| Literature - American | 0 | 0 | 0 | 0 | 0 | 0.00 | 0 | 0 | 0.00 | 0.00 | |
| Literature - British | 0 | 0 | 1 | 0 | -5 | 0.00 | 0 | 0 | 0.00 | 0.00 |